00718nam a2200253 a 4500001001300000003000900013005001700022008004100039020001000080082002100090100002800111245003000139260003800169300000800207500003500215505001500250650001800265650002200283700002800305902000800333942000700341952010100348999001500449nice12345678IN_TiNIC20260116011456.0050524s1945 laha grp 000 0 eng  ac10000a324.2054082bAHM aAhmad, Kazi Said-Ud-Din aCommunal Pattern of India aLahorebSh. Muhammad Ashrafc1945 a16p aincludes index and biblioraphy2 aAppendices aMuslim League aPakistan-Movement1 aAhmad, Kazi Said-Ud-Din bSRS cBK 00104070aHMIbHMId2008-02-15g100.00l0o324.2054082 AHMp00914r2008-02-15w2026-01-16yEB c1866d1866